| 000 | | | 04976nac2a22003133x 450 |
| 001 | | | e515422b-0323-4ee5-838c-77cf1cce17f7 |
| 005 | | | 20211210101332.0 |
| 100 | ## | $a | 20211120l1911 k y0rusy50 ca |
| 101 | 0# | $a | rus |
| 102 | ## | $a | RU |
| 105 | ## | $a | y z ||||| |
| 122 | 0# | $a | d19111231 |
| 200 | 1# | $a | Председатель Правления Общества Владикавказской железной дороги. По вопросу о записке члена Государственной Думы Маркова Н. Л. /Первого/ к смете департамента железно-дорожных дел на 1911 г. |
| | $j | 1911 |
| 215 | ## | $a | 1 лист |
| 251 | ## | $c | Дело |
| 300 | ## | $a | Заголовок дела на папке: Письмо председателя Правления Общества Владикавказской железной дороги - Звегинцеву Ал. Ив. (По вопросу о записке члена Государственной Думы - Маркова Н. Л. (1-го) к смете Департамента железнодорожных дел на 1911 год) |
| 300 | ## | $a | Машинописный текст |
| 330 | ## | $a | Входит в раздел описи: 1. Письма к А. И. Звегинцову. 2/ Письма по служебной деятельности А. И. Звегинцова |
| 461 | #0 | $1 | 001fc48e33c-c630-4015-85dd-2f2aab656f45 |
| | $1 | 2001 |
| | $a | Звегинцев Александр Иванович, помещик Воронежской губернии, депутат III Государственной думы, член партии "Союз 17 октября" |
| | $1 | 251 |
| | $c | Фонд |
| | $1 | 852 |
| | $j | 932 |
| 462 | #0 | $1 | 001ddcf82e7-7bd9-4c5e-b7f1-85df8b3febb3 |
| | $1 | 2001 |
| | $a | Дела постоянного хранения. 1899-1913 гг. |
| | $v | Д. 289 |
| | $1 | 251 |
| | $c | Опись |
| | $1 | 852 |
| | $j | 1 |
| 517 | 1# | $a | Письмо председателя Правления Общества Владикавказской железной дороги - Звегинцеву Ал. Ив. (По вопросу о записке члена Государственной Думы - Маркова Н. Л. (1-го) к смете Департамента железнодорожных дел на 1911 год) |
| 600 | #1 | $a | Звегинцев |
| | $b | А. И. |
| | $g | Александр Иванович |
| 600 | #1 | $a | Марков |
| | $b | Н. Л. |
| 601 | 01 | $3 | RU\NLR\AUTH\8810039162 |
| | $a | Россия |
| | $b | Государственная Дума |
| 601 | 01 | $3 | RU\NLR\AUTH\889928276 |
| | $a | Россия |
| | $b | Департамент железнодорожных дел |
| 601 | 02 | $a | Общество Владикавказской железной дороги. Правление |
| 801 | #0 | $a | RU |
| | $b | GA_RF |
| 801 | #1 | $a | RU |
| | $b | ГлавНИВЦ |
| | $c | 20211120 |
| | $2 | rusmarc |
| 801 | #2 | $a | RU |
| | $b | ПБ им. Б.Н. Ельцина |
| | $c | 20211210 |
| | $g | RCR |
| | $2 | rusmarc |
| 852 | ## | $a | ГА РФ |
| | $j | 289 |
| 937 | ## | $d | 171397455 |
| | $h | ГАРФ |
| 035 | ## | $a | RuPRLIB51062537 |
| 856 | ## | $u | http://readingroom.main.prlib.ru/item.aspx?id_node=n171397455&mode=full |